LEADER 01411nam a2200313 u 4500 001 000000007542 003 CaOOAMICUS 005 20070226105009.0 008 940607s1974 vc c u000 u ita u 035 $a10197644 040 $aPUL(R)$bita 100 1 $aBrocchieri, Ercole,$csac.,$d1917-$0(OLS)http://pul/name/7603 245 10$aMons. Andrea Cappellazzi :$btomista lombardo /$cErcole Brocchieri. 260 $aCittà del Vaticano :$bLibreria editrice vaticana,$c[1974] 300 $a91 p. :$bant. (ritr.) ;$c23 cm 490 1 $aBiblioteca per la storia del tomismo ;$v2 504 $aBibliografia: p. 81-89. 600 14$aCappellazzi, Andrea,$csac.,$d1854-1932.$0(OLS)http://pul/subject/6665 650 4$aTomismo.$0(OLS)http://pul/subject/597 710 2 $aPontificia Accademia Teologica Romana.$0(OLS)http://pul/name/5221 830 0$aBiblioteca per la storia del tomismo ;$v2.$0(OLS)http://pul/title/7867 850 $aPUL 852 $aPUL$W1$xSL Filosofia 1$y2$m97.A$j572$nBK-PRI$b $qStampati$B10651$CPULBib$Z2$F10651 $H $81 910 $aPontificia Academia Theologica$95221 910 $aPontificia Academia Theologica$95221 941 1 $a8 961 $aINV: 39350 996 $6245$aMons. Andrea Cappellazzi :$btomista lombardo$9(OLS)http://pul/title/11035 996 $6260$aCittà del Vaticano :$bLibreria editrice vaticana$9(OLS)http://pul/publisher/47920 LEADER 01410nam a2200325 u 4500 001 000000055831 003 CaOOAMICUS 005 20070226120414.0 008 010320s1992 it u000 u ita u 020 $a8831192264 035 $a10869676 040 $aPUL(R)$bita 041 1 $aita$hger 100 1 $aBalthasar, Hans Urs von,$ccardinale,$d1905-1988.$0(OLS)http://pul/name/1429 240 10$aIn der Fülle des Glaubens.$litaliano.$0(OLS)http://pul/title/74732 245 10$aNella pienezza della fede /$cHans Urs von Balthasar ; testi scelti e introdotti da Medard Kehl e Werner Löser ; edizione italiana a cura di Giovanni Marchesi. 260 $aRoma :$bCittà Nuova,$cc1992. 300 $a257 p. ;$c26 cm 504 $aBibliografia : p.523-527. 650 4$aFede.$0(OLS)http://pul/subject/668 700 1 $aMarchesi, Giovanni,$cS.I.,$d1939-2007.$0(OLS)http://pul/name/57205 700 1 $aLöser, Werner.$0(OLS)http://pul/name/9779 700 1 $aKhel, Medard.$0(OLS)http://pul/name/39233 850 $aPUL 852 $aPUL$W1$xSL Religione 1$y3$m50 F 18$j73359$nBK-PRI$b $qStampati$B73359$CPULBib$Z2$F73359 $H $81 941 1 $a8 961 $aINV: 69418 996 $6020$a8831192264$9(OLS)http://pul/number/70277 996 $6245$aNella pienezza della fede$9(OLS)http://pul/title/74733 996 $6260$aRoma :$bCittà Nuova$9(OLS)http://pul/publisher/47927